000 00526cam a2200193ua 4500
001 854
008 110421n ii |||gr||||Z||||||asm
040 _cMAIN
082 _a320.3
245 1 _aTulonamulok sarkar aru rajniti
_cby Kripesh Chandra Paul
250 _a3rd.
260 _aGuwahati:
_bArun prokashan,996.
300 _axiii, 436p.:
_c40cm.
653 _aPolitical science
653 _aTulonamulok sarkar aru rajniti
700 _aPaul, Kripesh Chandra.,
700 _aNayak, Protul Chandra.,
_eAuthor.
942 _cBK
999 _c777
_d777